Звичайний вигляд
Перегляд у МАРК
Входження „Personal Name“
Кількість записів, які використовуються: 1
001 - CONTROL NUMBER
- control field: 23082
003 - CONTROL NUMBER IDENTIFIER
- control field: UA-OsUOA
005 - DATE AND TIME OF LATEST TRANSACTION
- control field: 20260130093017.0
008 - FIXED-LENGTH DATA ELEMENTS
- fixed length control field: 260130|| aca||aabn | a|a d
040 ## - CATALOGING SOURCE
- Original cataloging agency: UA-OsUOA
- Transcribing agency: UA-OsUOA
100 ## - HEADING--PERSONAL NAME
- Personal name: Оганесян О. Г
670 ## - SOURCE DATA FOUND
- Source citation: Work cat.: (UA-OsUOA)377140: Чіп Б. М. 23081, Микола Пимоненко, 1983